Loading...
Penaeid shrimps: Their biology and management
| Main Author: | |
|---|---|
| Format: | Printed Book |
| Published: |
Fishing News Books Ltd., England
1984
|
| Subjects: |
| LEADER | 00581nam a2200193 4500 | ||
|---|---|---|---|
| 020 | |||
| 082 | |a 639.68 GUL-P | ||
| 100 | |a Gulland, John A, Ed.; Rothschild, Brian J, Ed. | ||
| 245 | |a Penaeid shrimps: Their biology and management | ||
| 250 | |||
| 260 | |a Fishing News Books Ltd., England |c 1984 | ||
| 300 | |a 308 | ||
| 490 | |||
| 500 | |||
| 590 | |a Priya |b 2011-03-25 14:37:28 | ||
| 650 | |a Prawn Culture-- Shrimp culture | ||
| 942 | |c BK | ||
| 999 | |c 96039 |d 96039 | ||
| 952 | |0 0 |1 0 |4 0 |6 639_680000000000000_GULP |7 0 |9 109507 |a AQU |b AQU |l 0 |o 639.68 GUL-P |p AQU02389 |r 2019-09-25 |w 2019-09-25 |y BK | ||